| 000 | 01722nam0a2200361 4500 | ||
|---|---|---|---|
| 001 | RU\NLR\bibl\55698 | ||
| 005 | 20260406041145.0 | ||
| 010 |
_z5-8507-011-9 _91000 |
||
| 035 | _a(NLR Aleph) 000054310 | ||
| 090 |
_a292697 _c292697 |
||
| 100 | _a19991028d1995 |||y0rusy50 ca | ||
| 101 | 0 | _arus | |
| 102 | _aRU | ||
| 105 | _ay ||||||||| | ||
| 200 | 1 |
_aГерпесвирусные и ВИЧ-инфекции _fА.Г. Рахманова, В.К. Пригожина, В.А. Неверов _gМ-во здравоохранения и мед. пром-сти РФ, Мед. акад. последиплом. образования Санкт-Петербурга |
|
| 210 |
_aСПб. _cССЗ _d1995 |
||
| 215 |
_a50,[1] с. _d20 |
||
| 300 | _aНа обороте тит. л. авт.: Рахманова А.Г. - проф., Пригожина В.К. - доц., Неверов В.А. - доц. | ||
| 606 | 0 |
_aГерпетическая инфекция _jРуководства, пособия и т.п. _91280445 _3RU\NLR\auth\66210240 |
|
| 606 | 0 |
_aСПИД _jРуководства, пособия и т.п. _9946065 _3RU\NLR\auth\6632273 |
|
| 686 | _aР514.37я77 | ||
| 686 | _aР514.87я77 | ||
| 700 | 1 |
_4070 _7ca _8rus _aРахманова _bА. Г. _f1932-2015 _gАза Гасановна _9111618 _3RU\NLR\AUTH\771597 |
|
| 701 | 1 |
_aПригожина _bВ. К. _gВиолетта Кировна _4070 |
|
| 701 | 1 |
_aНеверов _bВ. А. _gВладимир Александрович _4070 |
|
| 801 | 0 |
_aRU _bNLR _c19991028 _gPSBO |
|
| 801 | 1 |
_aRU _bNLR _c19991028 |
|
| 830 | _aАвт. по кн. | ||
| 852 |
_aNLR _j99-4/7532 |
||
| 942 | _cBOOK | ||
| 980 | _aNB | ||